1067 1825 1699 1453 1379 1029 1161 1026 1387 1912 1752 1562 1055 1498 1937 1710 1072 1304 1947 1771 1783 1377 1067 1406 1186 1104 1260 1413 1893 1267 1255 1833 1510 1098 1894 1782 1670 1620 1564 1192 1344 1689 1963 1921 1012 1684 1164 1596 1653 1131 1563 1222 1072 1970 1869 1386 1458 1819 1176 1274 1926 1457 1474 1765 1747 1674 1809 1543 1739 1517 1674 1821 1978 1551 1378 1342 1783 1393 1853 1384 1053 1910 1954 1743 1965 1300 1163 1770 1761 1294 1145 1442 1436 1185 1993 1888 1628 1908 1250 BCNSPRNW ULIB Ver.6.0+V

เปลี่ยนเป็นภาษาไทย

Change to English
 แสดงรายละเอียดบรรณานุกรม
  กลับหน้าหลัก

Brief Record : Get Marc (ISO 2709) : E-mail record : QR code < ปิดหน้าต่าง
LEADER : 00000nam 2200000uu 4500
001    13399128635
003     ULIB
008    230925s2565||||th 000 0 tha d
020    ^a9786165903769
050  0 ^aLB1060^bม161ก
100    ^aมนสิช สิทธิสมบูรณ์
245    ^aกลยุทธ์การจัดการเรียนรู้เชิงรุก
250    ^aพิมพ์ครั้งที่ 1
260    ^aพระนครศรีอยุธยา :^bโรงพิมพ์จุฬาลงกรณ์มหาวิทยาลัย,^c2565
300    ^a170 หน้า;^c26 ซม.
650    ^aการจัดการเรียนรู้เชิงรุก
650    ^aการเรียนรู้ทางวิชาชีพ
945    ^p0^l0^i29906
945    ^p250^l0^i29907
999    ^aกัณชพร จุลอักษร
รายการนี้ยังไม่มีแท็ก
คุณยังไม่ได้ล็อกอิน คุณสามารถมีกิจกรรมร่วมกับเว็บไซต์ได้ แต่ต้องล็อกอินก่อน ::
  ล็อกอิน

รายการสื่อสารสนเทศ

ลำดับที่ ประเภท เลขเรียก/บาร์โค้ด สถานที่ สถานะ
1. วิทยาศาสตร์การแพทย์ และสุขภาพ
วิทยาศาสตร์การแพทย์ และสุขภาพ
LB1060 ม161ก ฉ.1 
  Barcode: 29906
ห้องสมุดวิทยาเขตนครสวรรค์
►หนังสือทั่วไป:l:General Books
บนชั้น
2. วิทยาศาสตร์การแพทย์ และสุขภาพ
วิทยาศาสตร์การแพทย์ และสุขภาพ
LB1060 ม161ก ฉ.2 
  Barcode: 29907
ห้องสมุดวิทยาเขตนครสวรรค์
►หนังสือทั่วไป:l:General Books
บนชั้น

รายการใกล้เคียง
    ชื่อเรื่อง [กลยุทธ์การจัดการเรียนรู้เชิงรุก]

    ผู้แต่ง [มนสิช สิทธิสมบูรณ์]

    หัวเรื่อง [การจัดการเรียนรู้เชิงรุก]
    หัวเรื่อง [การเรียนรู้ทางวิชาชีพ]

BibComment


ยังไม่เคยถูกคอมเมนท์

คอมเมนท์ทรัพยากรรายการนี้
  คอมเมนท์: กลยุทธ์การจัดการ..


 Copyright 2026. Bcnsprnw @Library